Bases biológicas y fisiológicas del movimiento humano / (Registro nro. 1004)

Detalles MARC
000 -LEADER
fixed length control field 00771nam a2200205 a 4500
008 - CAMPO DE CONTROL (LIBRO)
fixed length control field 110916s2002 sp a f |||| 001 0 spa d
020 ## - INTERNATIONAL STANDARD BOOK NUMBER
ISBN 8479037059
041 ## - CODIGO DE IDIOMA
Código de idioma del texto/pista de sonido o título separado spa
092 ## - SIGNATURA TOPOGRAFICA DEWEY LOCAL
número de clasificación 621.7
libristica 31
sección GUI
100 1# - ENTRADA PRINCIPAL--NOMBRE PERSONAL
Nombre personal Guillén del Castillo, Manuel
9 (RLIN) 1619
245 ## - TITULO PROPIAMENTE DICHO
Título Bases biológicas y fisiológicas del movimiento humano /
Mención de responsabilidad y remanente de la transcripción de la portada Manuel Guillén del Castillo
250 ## - MENCION DE EDICION
Mención de edición 1a ed.
260 ## - PIE DE IMPRENTA
Lugar de publicación, distribución, etc Madrid:
Nombre de la editorial, distribuidor, etc Editorial Médica Panamericana;
Fecha de publicación 2002.
300 ## - DESCRIPCION FISICA
Extension 488 p.
500 ## - NOTA GENERAL
Nota general Guillén del Castillo, M. y Linares Girela, D. (2002). Bases biológicas y fisiológicas del movimiento humano. (1a ed.). Madrid : Editorial Médica Panamericana.
653 ## - TÉRMINO INDIZADO - PALABRAS CLAVES
Palabra clave Bases biológicas
653 ## - TÉRMINO INDIZADO - PALABRAS CLAVES
Palabra clave Fisiología del movimiento
700 1# - ENTRADAS SECUNDARIAS - NOMBRE PERSONAL
Nombre personal Linares Girela, D.
9 (RLIN) 3876
942 ## - ADDED ENTRY ELEMENTS (KOHA)
Source of classification or shelving scheme Dewey Decimal Classification
Item type Libros
Existencias
Estado de retiro Existencia Fuente de clasificación Estado general No para prestamo Ubicación permanente ubicación actual Sala de ubicación Fecha de adquisición Total Checkouts Total Renewals Número de clasificación Código de barras Checked out Date last seen Date last borrowed Número de ejemplar Price effective from Koha tipo de elemento (item) Public note
    Dewey Decimal Classification     Biblioteca Medicina Biblioteca Medicina Referencia 16/09/2011 1 11 621.7 31 GUI 1143 01/03/2029 06/11/2014 16/09/2011 ej.1 16/09/2011 Libros LIBRO DE CATEDRA

UNIVERSIDAD NACIONAL DEL COMAHUE
Biblioteca de la Facultad de Ciencias Médicas
Sede Toschi: Los Arrayanes y Av. Toschi, Cipolletti  - Rio Negro
Sede Los Tordos:  Yrigoyen al 2211, Cipolletti - Rio Negro 

Teléfono: 0299 - 4774707 int 25
Contacto: biblioteca@facimed.uncoma.edu.ar
© 2011 - 2026